000 00816nam a2200229 a 4500
003 MX-MxUPN
005 20221118063759.0
008 991125s1912 mx a r 000 0 spa u
035 _aUPN01000042077
040 _aMX-MxUPN
_bspa
_cMX-MxUPN
041 0 _aspa
050 1 4 _aLB1573 M6
_bM3.5
100 1 _aMatte, Claudio
_946266
245 1 0 _aNuevo método :
_bfonético, analítico-sintético para la enseñanza simultánea de la lectura y escritura /
_cpor Claudio Matte.
260 _aMéxico :
_bLibrería de la Vda de Ch. Bouret,
_c1912.
300 _aix, 62 páginas :
_bilustraciones
500 _a"Compuesto para las escuelas primarias"
650 4 _aLectura
_xEstudio y enseñanza (Elemental)
_92805
650 4 _aEscritura
_xEstudio y enseñanza (Elemental)
_92804
905 _aLibro
999 _c42077
_d42077